Wireless mobility : (Record no. 51091)

MARC details
000 -LEADER
fixed length control field 01357nam a22003017a 4500
005 - DATE AND TIME OF LATEST TRANSACTION
control field 20110316123056.0
010 ## - LCCN (DPL NO)
LC control number ENG-102143 B-453697
020 ## - INTERNATIONAL STANDARD BOOK NUMBER
International Standard Book Number 9780071068055
Terms of availability 450.00
020 ## - INTERNATIONAL STANDARD BOOK NUMBER
International Standard Book Number 0071068058
Terms of availability 450.00
035 ## - SYSTEM CONTROL NUMBER
System control number EN-85676 B-453697
037 ## - SOURCE OF ACQUISITION
Source of stock number/acquisition DBAD/PUB
037 ## - SOURCE OF ACQUISITION
Source of stock number/acquisition RBC/Ven
082 04 - DEWEY DECIMAL CLASSIFICATION NUMBER
Classification number 621.3821
Edition number 22
100 1# - MAIN ENTRY--PERSONAL NAME
Personal name Reid, Neil P.
245 10 - TITLE STATEMENT
Title Wireless mobility :
Remainder of title the why of wireless /
Statement of responsibility, etc by Neil P. Reid
260 ## - PUBLICATION, DISTRIBUTION, ETC. (IMPRINT)
Place of publication, distribution, etc New Delhi
Name of publisher, distributor, etc Tata McGraw-Hill
Date of publication, distribution, etc 2010
270 ## - ADDRESS
Address 7, West Patel Nagar
City New Delhi
Postal code 110008
300 ## - PHYSICAL DESCRIPTION
Extent xvii, 302 p. :
Other physical details ill.
Dimensions 24 cm (pbk)
500 ## - GENERAL NOTE
General note Includes index
650 #0 - SUBJECT ADDED ENTRY--TOPICAL TERM
Topical term or geographic name as entry element Wireless communication systems.
650 #0 - SUBJECT ADDED ENTRY--TOPICAL TERM
Topical term or geographic name as entry element Mobile computing.
650 #0 - SUBJECT ADDED ENTRY--TOPICAL TERM
Topical term or geographic name as entry element TCP/IP (Computer network protocol)
942 ## - ADDED ENTRY ELEMENTS (KOHA)
Source of classification or shelving scheme Dewey Decimal Classification
Item type English Books
Classification part 621.3821
Call number suffix REI
Holdings
Withdrawn status Lost status Not for loan Collection code Home library Current library Date acquired Source of acquisition Cost, normal purchase price Full call number Barcode Copy number Cost, replacement price Koha item type
      Non-fiction Central Library Central Library 24/04/2012 RBC/26662/08.10.2011/07/15.09.2011/29.11.2011 465.00 621.3821 REI B-453697 1 465.00 English Books
    Not For Loan Non-fiction D.B.Act.Division D.B.Act.Division 16/03/2011 DBAD/PUB 450.00 621.3821 REI EN-85676 1 450.00 English Books

© Delhi Public Library
Hit Counter
free hit counter